Процессный подход и мероприятия по устранению проблем его внедрения на российских предприятиях; Энергия молодых - экономике России; Ч. 1

Podrobná bibliografie
Parent link:Энергия молодых - экономике России=Energy of Youth for Russian Economy: сборник научных трудов XIII Международной научно-практической конференции студентов и молодых ученых, г. Томск, 16-19 апреля 2012 г./ Национальный исследовательский Томский политехнический университет (ТПУ) ; Вольное экономическое общество России ; Международный союз экономистов (МСЭ) ; ред. коллегия В. В. Еремин ; Ю. С. Нехорошев ; Г. А. Барышева ; И. Е. Никулина ; Т. Б. Варлачева ; И. В. Кащук ; Е. Ю. Маталасова.— , 2012
Ч. 1.— 2012.— [С. 179-183]
Hlavní autor: Санду Г. С.
Další autoři: Плучевская Э. В. Эмилия Валерьевна (научный руководитель)
Shrnutí:Заглавие с титульного экрана
Jazyk:ruština
Vydáno: 2012
Edice:Процесс глобализации и проблемы экономики России
Témata:
On-line přístup:http://www.lib.tpu.ru/fulltext/c/2012/C23/V1/081.pdf
Médium: MixedMaterials Elektronický zdroj Kapitola
KOHA link:https://koha.lib.tpu.ru/cgi-bin/koha/opac-detail.pl?biblionumber=238326

MARC

LEADER 00000nla2a2200000 4500
001 238326
005 20231031205124.0
035 |a (RuTPU)RU\TPU\book\259514 
035 |a RU\TPU\book\259505 
090 |a 238326 
100 |a 20130524d2012 k y0rusy50 ca 
101 0 |a rus 
102 |a RU 
105 |a y z 101zy 
135 |a drcn ---uucaa 
181 0 |a i  
182 0 |a b 
200 1 |a Процессный подход и мероприятия по устранению проблем его внедрения на российских предприятиях  |b Электронный ресурс  |f Г. С. Санду  |g науч. рук. Э. В. Плучевская 
203 |a Текст  |c электронный 
225 1 |a Процесс глобализации и проблемы экономики России 
230 |a 1 компьютерный файл (pdf; 249 Kb) 
300 |a Заглавие с титульного экрана 
320 |a [Библиогр.: с. 183 (3 назв.)] 
337 |a Adobe Reader 
461 1 |0 (RuTPU)RU\TPU\book\258397  |t Энергия молодых - экономике России  |l Energy of Youth for Russian Economy  |o сборник научных трудов XIII Международной научно-практической конференции студентов и молодых ученых, г. Томск, 16-19 апреля 2012 г.  |o в 2 ч.  |f Национальный исследовательский Томский политехнический университет (ТПУ) ; Вольное экономическое общество России ; Международный союз экономистов (МСЭ) ; ред. коллегия В. В. Еремин ; Ю. С. Нехорошев ; Г. А. Барышева ; И. Е. Никулина ; Т. Б. Варлачева ; И. В. Кащук ; Е. Ю. Маталасова  |d 2012 
463 1 |0 (RuTPU)RU\TPU\book\258408  |t Ч. 1  |v [С. 179-183]  |d 2012 
610 1 |a труды учёных ТПУ 
610 1 |a электронный ресурс 
610 1 |a процессный подход 
610 1 |a внедрение 
610 1 |a российские предприятия 
610 1 |a процессно-ориентированный подход 
610 1 |a управление 
700 1 |a Санду  |b Г. С. 
702 1 |a Плучевская  |b Э. В.  |c экономист  |c доцент Томского политехнического университета, кандидат экономических наук  |f 1977-  |g Эмилия Валерьевна  |2 stltpush  |4 727 
801 2 |a RU  |b 63413507  |c 20170425  |g RCR 
856 4 |u http://www.lib.tpu.ru/fulltext/c/2012/C23/V1/081.pdf 
942 |c CF